Bilecik Bilecik Bilecik Bilecik Bilecik

Yerel seçimler coğrafyası 1963-1999/ (Record no. 29202)

MARC details
000 -BAŞLIK
Sabit Uzunluktaki Kontrol Alanı 01422nam a22003857a 4500
001 - KONTROL NUMARASI
Control Dosyası 0029280
003 - KONTROL NUMARASI KİMLİĞİ
Kontrol Alanı KOHA_MİRAKIL
005 - EN SON İŞLEM TARİHİ ve ZAMANI
Kontrol Alanı 20260207002656.0
007 - FİZİKSEL TANIM SABİT ALAN - GENEL BİLGİ
Sabit uzunluklu kontrol alanı ta
008 - SABİT UZUNLUKTAKİ VERİ ÖGELERİ - GENEL BİLGİ
Sabit Alan 110407b2005 tu a|||gr||||#||||0|tur |
020 ## - ISBN - ULUSLARARASI STANDART KİTAP NUMARASI
Isbn 9758918087
Nitelik bilgileri
040 ## - KATALOGLAMA KAYNAĞI
Özgün Kataloglama Kurumu TR-BiSEU
Kataloglama Dili tur
Çeviri Kurumu TR-BiSEU
Açıklama Kuralları rda
041 0# - DİL KODU
Metin ya da ses kaydının dil kodu tur
044 ## - YAYINLAYAN/ÜRETEN KURULUŞUN ÜLKE KODU
ISO country code tu
050 ## - SINIFLAMA ve YER NUMARASI
Sınıflama Numarası JQ1809
Yer Numarası .C54 2005
100 1# - KİŞİ ADI
Yazar Adı (Kişi adı) Çitçi, Oya.
245 1# - ESER ADI BİLDİRİMİ
Başlık Yerel seçimler coğrafyası 1963-1999/
Sorumluluk Bildirimi Oya Çitçi ; Oya Çitçi.
250 ## - BASIM BİLDİRİMİ
Basım Bildirimi 1. bs.
264 #1 - ÜRERİM, YAYIN, DAĞITIM ve TELİF BİLDİRİMİ
Yayın yeri Ankara :
Yayınlayan TODAİE
Yayın tarihi 2005
300 ## - FİZİKSEL TANIMLAMA
Sayfa, Cilt vb. 556 sayfa :
Diğer fiziki detaylar res. ;
Boyutları 24 cm.
336 ## - İÇERİK TÜRÜ
Content type term metin
Content type code txt
Source rdacontent
337 ## - MEDYA TÜRÜ
Media type term aracısız
Media type code n
Source rdamedia
338 ## - TAŞIYICI TÜRÜ
Carrier type term cilt
Carrier type code nc
Source rdacarrier
490 1# - DİZİ BİLDİRİMİ
Dizi Bildirimi Türkiye ve Orta Doğu Amme İdaresi Enstitüsü yayını ;
Cilt Numarası no: 329.
490 1# - DİZİ BİLDİRİMİ
Dizi Bildirimi Yerel Yönetimler Araştırma ve Eğitim Merkezi ;
Cilt Numarası no: 18
500 ## - GENEL NOT
Genel Not Dizin var.
500 ## - GENEL NOT
Genel Not Kaynakça var.
650 #0 - KONU BAŞLIĞI EK GİRİŞ - KONU TERİMİ
Konusal terim veya coğrafi ad Yerel seçimler--Türkiye--Tarih--1963-1999.
9 (RLIN) 24884
650 #0 - KONU BAŞLIĞI EK GİRİŞ - KONU TERİMİ
Konusal terim veya coğrafi ad Seçmen davranışları--Yerel seçimler--Türkiye--Tarih--1963-1999.
9 (RLIN) 57960
650 #0 - KONU BAŞLIĞI EK GİRİŞ - KONU TERİMİ
Konusal terim veya coğrafi ad Local elections--Turkey--History--1963-1999.
9 (RLIN) 24885
650 #0 - KONU BAŞLIĞI EK GİRİŞ - KONU TERİMİ
Konusal terim veya coğrafi ad Voter behavior--Local elections--Turkey--History--1963-1999.
9 (RLIN) 57961
830 1# - SERİ EK GİRİŞİ - TEKBİÇİM ESER ADI
Tekbiçim Başlık Türkiye ve Orta Doğu Amme İdaresi Enstitüsü yayını ;
Volume number/sequential designation no: 329.
9 (RLIN) 36360
830 1# - SERİ EK GİRİŞİ - TEKBİÇİM ESER ADI
Tekbiçim Başlık Yerel Yönetimler Araştırma ve Eğitim Merkezi ;
Volume number/sequential designation no: 18
9 (RLIN) 36361
942 ## - EK GİRİŞ ÖGELERİ (KOHA)
Source of classification or shelving scheme Library of Congress Classification
Koha item type Book
Holdings
Materyal Türü Kalıcı Konum Mevcut Konum Raf Yeri Sınıflandırma Kaynağı Edinim Bilgisi Ana Konular Alt Konular Yer Numarası Demirbaş Numarası Fatura Tarihi Geri Çekilme Durumu Kayıp Durumu Hasarlı Durumu Kredi için değil Kayıt Tarih Toplam Ödünçverme Son Görülme Tarihi Son Kontrol Tarihi Genel / Bağış Notu
Book Prof. Dr. Azmi Özcan Kütüphanesi Prof. Dr. Azmi Özcan Kütüphanesi Uluğbey Salonu Library of Congress Classification Bağış SİYASET BİLİMİ Siyasi Kurumlar ve Kamu Yönetimi (Asya, Afrika, Okyanusya vb.) JQ1809 .C54 2005 0029280 02/02/2026         07/04/2011 3 05/12/2024 05/12/2024 Genel Bağış